Country Name Translation: Hindi to English - Statistics

General Stats
  • This quiz has been taken 670 times
  • The average score is 17 of 20
Answer Stats
Hint Answer % Correct
फ़्रांस (fraans) France
97%
ऑस्ट्रेलिया (ostreliyaa) Australia
96%
संयुक्त अरब अमीरात (sanyukt arab ameeraat) United Arab Emirates
96%
मलेशिया (maleshiyaa) Malaysia
94%
उत्तर कोरिया (uttar koriyaa) North Korea
94%
युगांडा (yugaandaa) Uganda
94%
हंगरी (hangaree) Hungary
93%
इज़राइल (izaraail) Israel
93%
पापुआ न्यू गिनी (paapuaa nyoo ginee) Papua New Guinea
92%
ग्वाटेमाला (gvaatemaalaa) Guatemala
91%
दक्षिण अफ्रीका (dakshin afreekaa) South Africa
91%
जर्मनी (jarmanee) Germany
90%
उरुग्वे (urugve) Uruguay
89%
रूस (roos) Russia
88%
साइप्रस (saaipras) Cyprus
87%
क्रोएशिया (kroeshiyaa) Croatia
86%
आयरलैंड (aayaralaind) Ireland
82%
भारत (bhaarat) India
75%
कांगो गणराज्य (kaango ganaraajya) Republic of the Congo
65%
मिस्र (misra) Egypt
42%
No matching quizzes found
Score Distribution
Percent of People with Each Score
Percentile by Number Answered
Your Score History
You have not taken this quiz